<?xml version="1.0" encoding="UTF-8"?>
<record
    xmlns:xsi="http://www.w3.org/2001/XMLSchema-instance"
    xsi:schemaLocation="http://www.loc.gov/MARC21/slim http://www.loc.gov/standards/marcxml/schema/MARC21slim.xsd"
    xmlns="http://www.loc.gov/MARC21/slim">

  <leader>01587aam a2200361 a 4500</leader>
  <controlfield tag="001">014821333</controlfield>
  <controlfield tag="003">Uk</controlfield>
  <controlfield tag="005">20090806221943.0</controlfield>
  <controlfield tag="008">081024s2010    paua          001 0 eng  </controlfield>
  <datafield tag="020" ind1=" " ind2=" ">
    <subfield code="a">0443069522</subfield>
  </datafield>
  <datafield tag="020" ind1=" " ind2=" ">
    <subfield code="a">9780443069529</subfield>
  </datafield>
  <datafield tag="040" ind1=" " ind2=" ">
    <subfield code="a">StDuBDS</subfield>
    <subfield code="b">eng</subfield>
    <subfield code="c">StDuBDS</subfield>
    <subfield code="d">Uk</subfield>
  </datafield>
  <datafield tag="082" ind1="0" ind2="0">
    <subfield code="a">612</subfield>
    <subfield code="2">22</subfield>
    <subfield code="b">DRA</subfield>
  </datafield>
  <datafield tag="100" ind1="1" ind2=" ">
    <subfield code="a">Drake, Richard L.</subfield>
    <subfield code="q">(Richard Lee),</subfield>
    <subfield code="d">1950-</subfield>
    <subfield code="9">30143</subfield>
  </datafield>
  <datafield tag="245" ind1="1" ind2="0">
    <subfield code="a">Gray's Anatomy for Students /</subfield>
    <subfield code="c">Richard L. Drake, A. Wayne Vogl, Adam W.M. Mitchell ; illustrations by Richard M. Tibbitts and Paul Richardson ; photographs by Ansell Horn.</subfield>
  </datafield>
  <datafield tag="246" ind1="3" ind2="0">
    <subfield code="a">Anatomy for students</subfield>
  </datafield>
  <datafield tag="250" ind1=" " ind2=" ">
    <subfield code="a">2nd ed.</subfield>
  </datafield>
  <datafield tag="260" ind1=" " ind2=" ">
    <subfield code="a">Philadelphia :</subfield>
    <subfield code="b">Churchill Livingstone/Elsevier,</subfield>
    <subfield code="c">c2010.</subfield>
  </datafield>
  <datafield tag="300" ind1=" " ind2=" ">
    <subfield code="a">xxv, 1103 p. :</subfield>
    <subfield code="b">ill. (chiefly col.) ;</subfield>
    <subfield code="c">28 cm.</subfield>
  </datafield>
  <datafield tag="500" ind1=" " ind2=" ">
    <subfield code="a">Includes index.</subfield>
  </datafield>
  <datafield tag="505" ind1="0" ind2=" ">
    <subfield code="a">The body -- Back -- Thorax -- Abdomen -- Pelvis and perineum -- Lower limb -- Upper limb -- Head and neck.</subfield>
  </datafield>
  <datafield tag="541" ind1=" " ind2=" ">
    <subfield code="a">Donation from Baccah</subfield>
  </datafield>
  <datafield tag="650" ind1=" " ind2="0">
    <subfield code="a">Human anatomy.</subfield>
    <subfield code="9">30144</subfield>
  </datafield>
  <datafield tag="650" ind1="1" ind2="2">
    <subfield code="a">Anatomy.</subfield>
    <subfield code="9">30145</subfield>
  </datafield>
  <datafield tag="653" ind1=" " ind2=" ">
    <subfield code="b">Dent</subfield>
    <subfield code="c">June2012</subfield>
  </datafield>
  <datafield tag="700" ind1="1" ind2=" ">
    <subfield code="a">Vogl, Wayne.</subfield>
    <subfield code="9">30146</subfield>
  </datafield>
  <datafield tag="700" ind1="1" ind2=" ">
    <subfield code="a">Mitchell, Adam W. M.</subfield>
    <subfield code="9">30147</subfield>
  </datafield>
  <datafield tag="700" ind1="1" ind2=" ">
    <subfield code="a">Gray, Henry,</subfield>
    <subfield code="d">1825-1861.</subfield>
    <subfield code="9">30148</subfield>
  </datafield>
  <datafield tag="700" ind1="1" ind2=" ">
    <subfield code="a">Gray, Henry,</subfield>
    <subfield code="d">1825-1861.</subfield>
    <subfield code="t">Anatomy.</subfield>
    <subfield code="9">30149</subfield>
  </datafield>
  <datafield tag="942" ind1=" " ind2=" ">
    <subfield code="2">ddc</subfield>
    <subfield code="c">NRB</subfield>
  </datafield>
  <datafield tag="999" ind1=" " ind2=" ">
    <subfield code="c">16772</subfield>
    <subfield code="d">16772</subfield>
  </datafield>
  <datafield tag="952" ind1=" " ind2=" ">
    <subfield code="0">0</subfield>
    <subfield code="1">0</subfield>
    <subfield code="2">ddc</subfield>
    <subfield code="4">0</subfield>
    <subfield code="7">0</subfield>
    <subfield code="8">Donation-G</subfield>
    <subfield code="a">MAIN</subfield>
    <subfield code="b">MAIN</subfield>
    <subfield code="c">1ST</subfield>
    <subfield code="d">2012-06-18</subfield>
    <subfield code="e">Donation</subfield>
    <subfield code="g">180.00</subfield>
    <subfield code="h">15307</subfield>
    <subfield code="l">8</subfield>
    <subfield code="m">11</subfield>
    <subfield code="o">612 DRA</subfield>
    <subfield code="p">000026837</subfield>
    <subfield code="r">2025-11-15 00:00:00</subfield>
    <subfield code="s">2025-09-30</subfield>
    <subfield code="y">BB</subfield>
  </datafield>
  <datafield tag="952" ind1=" " ind2=" ">
    <subfield code="0">0</subfield>
    <subfield code="1">0</subfield>
    <subfield code="2">ddc</subfield>
    <subfield code="4">0</subfield>
    <subfield code="7">0</subfield>
    <subfield code="8">Donation-G</subfield>
    <subfield code="a">MAIN</subfield>
    <subfield code="b">MAIN</subfield>
    <subfield code="c">1ST</subfield>
    <subfield code="d">2012-06-18</subfield>
    <subfield code="e">Donation</subfield>
    <subfield code="g">180.00</subfield>
    <subfield code="h">15307</subfield>
    <subfield code="l">11</subfield>
    <subfield code="m">57</subfield>
    <subfield code="o">612 DRA</subfield>
    <subfield code="p">000026838</subfield>
    <subfield code="r">2025-07-15 00:00:00</subfield>
    <subfield code="s">2021-07-15</subfield>
    <subfield code="y">BB</subfield>
  </datafield>
</record>
